00413nam a22001337a 450000500170000000800410001704100120005808200130007010000120008324500440009526000860013930000290022565000250025420240821060648.0240821b |||||||| |||| 00| 0 eng d aEnglish a349 LAW  lEnglish aThe Law Reports: Common Pleas Division  aLondon: bThe Incorporated Council of Law Reporting for England and Wales, c1880 bxx, 335 pages; c25 cm.  aLegal practice bLaw